Some Asian American environmental problems (Бичлэгийн дугаар. 146160)
| 000 -УДИРДЛАГА | |
|---|---|
| Удирдлага | 00748nam a22002177a 4500 |
| 003 - ХЯНАЛТЫН ТОО ТОДОРХОЙЛОГЧ | |
| Код | MN-UlNUM |
| 005 - БИЧИЛТ ХИЙСЭН ОГНОО | |
| Тухайн бичилтийг бичсэн засварласан сүүлийн огноо | 20260112111304.0 |
| 008 - ЕРӨНХИЙ МЭДЭЭЛЭЛ | |
| Ерөнхий мэдээлэл | 260112b1992 xxu||||| |||| 00| 0 eng d |
| 040 ## - БИЧЛЭГ ҮҮСГЭГЧ БАЙГУУЛЛАГА | |
| Бичлэг үүсгэгч номын сангийн код | МУИС-ийн номын сан |
| 084 ## - ББК АНГИЛАЛ | |
| Нэмэлт тусгалт | Бусад |
| ББК ангилал | 26.89 |
| Зохиогчийн гурван тэмдэгт | S 71 |
| Мэдлэгийн ялгаа | 2 - Байгалийн шинжлэл |
| 245 04 - ҮНДСЭН ГАРЧИГ | |
| Номын нэр | Some Asian American environmental problems |
| Бага гарчгийн мэдээ | Memoirs for the 60th Anniversary of Professor Masao Morimoto's Birthday |
| 260 ## - ГАРАЛТЫН МЭДЭЭ | |
| Хэвлэгдсэн он | 1992 |
| 500 ## - Тайлбар | |
| Дансны дугаар | БС 4933 |
| 546 ## - ХЭЛНИЙ ТУХАЙ МЭДЭЭ | |
| Хэл | Англи хэл дээр, |
| 740 ## - НОМЫН ГАРЧИГ | |
| Гарчиг | In Honor of Anniversary of Professor Morimoto's 60th |
| 740 ## - НОМЫН ГАРЧИГ | |
| Гарчиг | Activities and Works of Professer Masao Morimoto |
| 740 ## - НОМЫН ГАРЧИГ | |
| Гарчиг | Free international trade and protection of the |
| 740 ## - НОМЫН ГАРЧИГ | |
| Гарчиг | National development and natural resource and environmental policies |
| 942 ## - ЭЛЕМЕНТИЙН ТӨРӨЛ | |
| Зүйлийн төрөл | Ном |
